000 00322nam a22001337a 4500
020 _a0-304-30930-3
082 _a621 THO'M
100 _aTHOMAS, A
_976730
245 _aMECHANICAL ENGINEERING CRAFT STUDIES
260 _aLONDON
_bCASSELL
_c1983
300 _a308P
650 _aMECHANICAL ENGINEERING
_98386
942 _cBK
999 _c582070
_d582070